000 00306 a2200145 4500
001 155322
040 _cEscola São Tomás de Aquino
100 _aDEGENSZAJN, David
240 1 0 _aMatemática
_lpor
245 1 0 _aMatemática
300 _a384
362 0 _a2010
697 _aMATEMÁTICA
942 _cBK
999 _c155322
_d155322